Sports Quiz

Random Sports Quiz

Liverpool F.C. Facts 2018 Quiz Stats

 Plays Quiz not verified by Sporcle

Support Sporcle.
Go Orange.
Score 0/26 Timer 10:00
0 Plays Today
Hint Answer % Correct
GroundsAnfield
96.2%
Nickname The Reds
92.6%
Full Name Liverpool Football Club
89.1%
Manager Jurgen Klopp
70.2%
Anthem You'll Never Walk Alone
68.1%
2016/17 Premier League Position 4th
64.9%
Age125
51.6%
League Title Wins18
49.6%
Owner Fenway Sports Group
38.6%
Grounds Capacity 54,074
37.2%
European Cup Wins 5
29.2%
UEFA Cup Wins 3
25.4%
UEFA Super Cup Wins3
24.8%
Hint Answer % Correct
FA Cup Wins 7
21.2%
League Cup Wins8
20.9%
Top Goalscorer Ian Rush
20.4%
Most Expensive PlayersVirgil Van Dijk
20.1%
Chairman Tom Werner
16.2%
FA Community Shield Wins15
15.6%
Founded on 3rd June, 1892
13.6%
Player With The Most Appearances Ian Callaghan
11.4%
Most League GoalsRoger Hunt
6.2%
Longest Serving Manager Tom Watson
3.3%
Player With The Most Consecutive AppearancesPhil Neal
2.9%
Youngest PlayerJack Robinson
1.2%
Oldest PlayerTed Doig
0.3%

You're not logged in!

Compare scores with friends on all Sporcle quizzes.
OR
Log In

From the Vault

200 Most Populous World Cities

by MapleLeaf

You'll have to go down to #8 in the list to find a city that isn't in Asia.
Remove Ads.
Support Sporcle.
Get the best of Sporcle when you Go Orange. This ad-free experience offers more features, more stats, and more fun while also helping to support Sporcle. Thank you for becoming a member.

Show Comments

Extras

Created Feb 7, 2018ReportNominate
Tags:2018, Liverpool

Top Quizzes Today


Score Distribution

Your Account Isn't Verified!

In order to create a playlist on Sporcle, you need to verify the email address you used during registration. Go to your Sporcle Settings to finish the process.

Report this User

Report this user for behavior that violates our Community Guidelines.

Details: